Operación Marketing : Estrategia y Táctica de la competemcia entre los monopolios

Bibliographic Details
Main Author: Abramishvili, G.G
Format: Section = Libro
Language:Undetermined
Spanish
Published: La Habana Ciencias Sociales 1986
Subjects:
LEADER 00577nam a2200181Ia 4500
008 240829s9999 xx 000 0 und d
040 |a BIBLIOTECA-RUPAP 658.8 A158 
041 |a spa 
082 |a 658.8 A158 
100 1 |a Abramishvili, G.G  
245 1 0 |a Operación Marketing : Estrategia y Táctica de la competemcia entre los monopolios 
260 |a La Habana  |b Ciencias Sociales  |c 1986 
300 |a 251 p. :il. 
650 7 |a COMERCIALIZACION 
650 7 |b  COMPETENCIA ECONOMICA. I. Voina, V.A., coaut. II. Trusov, Y.F. I. Tít. 
942 |c BK  |2 ddc 
991 |a TEXTO 
999 |c 10190